LEADER 02501oam 2200529 450 001 9910708176403321 005 20151002154109.0 035 $a(CKB)3790000000048404 035 $a(OCoLC)795694948$z(OCoLC)651910733$z(OCoLC)654964627 035 $a(EXLCZ)993790000000048404 100 $a20120617d1999 ua 0 101 0 $aeng 135 $aurbn||||a|||| 181 $ctxt$2rdacontent 182 $cc$2rdamedia 183 $acr$2rdacarrier 200 14$aThe District of Columbia's year 2000 compliance challenge $ejoint hearing before the Subcommittee on the District of Columbia and the Subcommittee on Government Management, Information, and Technology of the Committee on Government Reform and Oversight, and the Subcommittee on Technology of the Committee on Science, House of Representatives, One Hundred Fifth Congress, second session, October 2, 1998 210 1$aWashington :$cU.S. Government Printing Office,$d1999. 215 $a1 online resource (v, 70 pages) $cillustrations 300 $aTitle from title screen (viewed on Oct. 2, 2015). 300 $a"Committee on Government Reform and Oversight, serial no. 105-193." 300 $a"Committee on Science, serial no. 105-92." 320 $aIncludes bibliographical references. 517 $aDistrict of Columbia's year 2000 compliance challenge 606 $aYear 2000 date conversion (Computer systems)$zWashington (D.C.) 606 $aAdministrative agencies$zWashington (D.C.)$xData processing 606 $aAdministrative agencies$xData processing$2fast 606 $aYear 2000 date conversion (Computer systems)$2fast 607 $aWashington (D.C.)$2fast 608 $aLegislative hearings.$2lcgft 615 0$aYear 2000 date conversion (Computer systems) 615 0$aAdministrative agencies$xData processing. 615 7$aAdministrative agencies$xData processing. 615 7$aYear 2000 date conversion (Computer systems) 712 02$aUnited States.$bCongress.$bHouse.$bCommittee on Government Reform and Oversight.$bSubcommittee on Government Management, Information, and Technology, 712 02$aUnited States.$bCongress.$bHouse.$bCommittee on Science.$bSubcommittee on Technology, 801 0$bOCLCE 801 1$bOCLCE 801 2$bOCLCO 801 2$bOCLCQ 801 2$bOCLCF 801 2$bOCLCQ 801 2$bGPO 906 $aBOOK 912 $a9910708176403321 996 $aThe District of Columbia's year 2000 compliance challenge$93475741 997 $aUNINA LEADER 01221oam 2200421zu 450 001 9910172254303321 005 20251117073249.0 035 $a(CKB)1000000000726898 035 $a(SSID)ssj0000409502 035 $a(PQKBManifestationID)12172153 035 $a(PQKBTitleCode)TC0000409502 035 $a(PQKBWorkID)10348220 035 $a(PQKB)11595089 035 $a(EXLCZ)991000000000726898 100 $a20160829d2000 uy 101 0 $aeng 181 $ctxt 182 $cc 183 $acr 200 10$aSocial Development in Asia 210 31$a[Place of publication not identified]$cSpringer$d2000 300 $aBibliographic Level Mode of Issuance: Monograph 311 08$a0-7923-6256-X 606 $aSocial Conditions$2HILCC 606 $aSociology & Social History$2HILCC 606 $aSocial Sciences$2HILCC 607 $aAsia$xSocial conditions 615 7$aSocial Conditions 615 7$aSociology & Social History 615 7$aSocial Sciences 676 $a306/.095 700 $aTang$b Kwong-Ieung$0854857 701 $aTang$b Kwong-Leung$0854858 801 0$bPQKB 906 $aBOOK 912 $a9910172254303321 996 $aSocial Development in Asia$91908973 997 $aUNINA